| 000 | 00434nam a22001217a 4500 | ||
|---|---|---|---|
| 082 | _aPRO 220 | ||
| 100 |
_aNS Muhammad Usman Faisal PC Muhammad Umer Ijaz NS Muhammad Nadir Ali _970800 |
||
| 245 | _aPR-SOF-1523-Design and Fabrication of a Spider robot | ||
| 260 |
_aISLAMABAD _bNUST COLLEGE OF EME _c2016 |
||
| 650 |
_a DE-MECH-34 _970801 |
||
| 700 |
_aSUPERVISOR Dr. Sajid ullah Butt Asst. Prof. Rehan Ahmad Khan _970802 |
||
| 942 | _cCR | ||
| 999 |
_c577661 _d577661 |
||